000 00353nam a2200145Ia 4500
008 230917s9999||||xx |||||||||||||| ||und||
040 _e32928
_aMAIN
041 _aEnglish
082 _a515.35 F495F
100 _aKrizek, M. ed.
245 0 _aFinite element methods
260 _aNew York
_bMarcel Dekkar
_c1994
300 _axx, 504 p.
942 _cBK
999 _c106015
_d106015